[Event "Torneio Nacional de Mestres e Honra"]
[Site "Centro de Estagio do Jamor"]
[Date "2019.08.17"]
[Round "6.10"]
[White "Santos, Ruben"]
[Black "Aguiar, Carlos"]
[Result "1-0"]
[BlackElo "1821"]
[WhiteElo "1722"]
[WhiteTeam "Estrelas S. Joao Brito"]
[BlackTeam "Gx Alekhine"]
[LiveChessVersion "1.4.8"]

1. a3 {[%clk 1:18:42]} Nf6 {[%clk 1:30:50]} 2. d4 {[%clk 1:17:51]} g6
{[%clk 1:30:58]} 3. Bf4 {[%clk 1:17:07]} Bg7 {[%clk 1:31:17]} 4. e3
{[%clk 1:17:23]} d6 {[%clk 1:31:40]} 5. Nf3 {[%clk 1:17:22]} Nbd7
{[%clk 1:31:53]} 6. h3 {[%clk 1:17:49]} c6 {[%clk 1:28:58]} 7. c3
{[%clk 1:16:16]} O-O {[%clk 1:29:02]} 8. Be2 {[%clk 1:16:33]} a5 {[%clk 1:23:11]}
9. Nbd2 {[%clk 1:15:12]} Re8 {[%clk 1:17:32]} 10. O-O {[%clk 1:13:50]} e5
{[%clk 1:15:43]} 11. dxe5 {[%clk 1:14:01]} Nxe5 {[%clk 1:15:28]} 12. Bxe5
{[%clk 1:14:09]} dxe5 {[%clk 1:15:31]} 13. Nc4 {[%clk 1:14:37]} e4
{[%clk 1:14:07]} 14. Qxd8 {[%clk 1:05:02]} Rxd8 {[%clk 1:14:18]} 15. Nd4
{[%clk 1:05:19]} Nd5 {[%clk 1:12:28]} 16. Rfd1 {[%clk 1:02:37]} Bxd4
{[%clk 1:11:09]} 17. Rxd4 {[%clk 1:02:46]} Bf5 {[%clk 1:11:08]} 18. g4
{[%clk 1:02:35]} c5 {[%clk 1:05:27]} 19. Rxd5 {[%clk 1:02:31]} Rxd5
{[%clk 1:01:49]} 20. Nb6 {[%clk 0:57:29]} Be6 {[%clk 0:57:28]} 21. Nxa8
{[%clk 0:56:45]} Rd2 {[%clk 0:57:52]} 22. Kf1 {[%clk 0:55:35]} Rxb2
{[%clk 0:58:16]} 23. Nc7 {[%clk 0:55:27]} Bb3 {[%clk 0:58:29]} 24. Ne8
{[%clk 0:54:20]} Bc2 {[%clk 0:55:41]} 25. Bd1 {[%clk 0:48:26]} Bd3+
{[%clk 0:55:13]} 26. Kg2 {[%clk 0:48:46]} Kf8 {[%clk 0:55:03]} 27. Nf6
{[%clk 0:47:53]} Kg7 {[%clk 0:52:53]} 28. g5 {[%clk 0:47:19]} h6 {[%clk 0:52:48]}
29. h4 {[%clk 0:47:46]} hxg5 {[%clk 0:53:12]} 30. hxg5 {[%clk 0:47:55]} c4
{[%clk 0:53:19]} 31. Kg3 {[%clk 0:47:12]} Kf8 {[%clk 0:50:54]} 32. Bg4
{[%clk 0:41:52]} Ke7 {[%clk 0:49:28]} 33. Rh1 {[%clk 0:39:48]} Rb3
{[%clk 0:44:41]} 34. a4 {[%clk 0:39:53]} b5 {[%clk 0:43:15]} 35. axb5
{[%clk 0:39:23]} Rxb5 {[%clk 0:43:36]} 36. Kf4 {[%clk 0:39:02]} Rb2
{[%clk 0:36:19]} 37. Ke5 {[%clk 0:39:30]} Kd8 {[%clk 0:24:04]} 38. Nd5
{[%clk 0:39:57]} 1-0